Wagner and Toscanini (Record n. 102717)

Dettagli MARC
000 -LEADER
fixed length control field 01055njm a2200289Ia 4500
001 - CONTROL NUMBER
control field 25761
003 - CONTROL NUMBER IDENTIFIER
control field IT-RoPAU
005 - DATE AND TIME OF LATEST TRANSACTION
control field 20220918181157.0
008 - FIXED-LENGTH DATA ELEMENTS--GENERAL INFORMATION
fixed length control field 131025s9999 xx 000 0 und d
040 ## - CATALOGING SOURCE
Original cataloging agency IT-RoPAU
040 ## - CATALOGING SOURCE
Transcribing agency IT-RoPAU
999 ## - SYSTEM CONTROL NUMBERS (KOHA)
Koha Dewey Subclass [OBSOLETE] n.d.
100 ## - MAIN ENTRY--PERSONAL NAME
Personal name Wagner Richard
9 (RLIN) 952
100 ## - MAIN ENTRY--PERSONAL NAME
Relator term Autore musica
9 (RLIN) 14231
100 ## - MAIN ENTRY--PERSONAL NAME
Miscellaneous information Codice autore musica SPICS: 563
9 (RLIN) 954
245 ## - TITLE STATEMENT
Title Wagner and Toscanini
250 ## - EDITION STATEMENT
Edition statement 1a ed.
260 ## - PUBLICATION, DISTRIBUTION, ETC. (IMPRINT)
Place of publication, distribution, etc. ROMA
260 ## - PUBLICATION, DISTRIBUTION, ETC. (IMPRINT)
Name of publisher, distributor, etc. RCA (RADIO CORP. AMERICA)
Date of publication, distribution, etc. 1975 [1a Ed.:1975]
300 ## - PHYSICAL DESCRIPTION
Extent DISCO
500 ## - GENERAL NOTE
General note Musica classica. Musica operistica. Musica lirica
505 ## - FORMATTED CONTENTS NOTE
Formatted contents note Il crepuscolo degli dei (1941) - Sigfrido (1941) - I maestri cantori di Norimberga (1946) - Lohengrin (1951) - La Walkiria (1941) - Tristano e Isotta (1952) - Parsifal (1949) - Idillio di Sigfrido (1952) - Faust (1946)
511 ## - PARTICIPANT OR PERFORMER NOTE
Participant or performer note Nbc Symphony Orchestra
650 ## - SUBJECT ADDED ENTRY--TOPICAL TERM
Topical term or geographic name as entry element LIRICA [DISCHI]
Relator term Codice MATERIA SPICS: 9950
9 (RLIN) 14232
700 ## - ADDED ENTRY--PERSONAL NAME
Personal name Toscanini Arturo
Miscellaneous information Codice interprete SPICS: 24194
Relator term Interprete
9 (RLIN) 14233
942 ## - ADDED ENTRY ELEMENTS (KOHA)
Koha item type DISCHI
Source of classification or shelving scheme Dewey Decimal Classification
Dati di copia
Withdrawn status Lost status Damaged status Not for loan Home library Current library Date acquired Total Checkouts Full call number Date last seen Price effective from Koha item type Public note
    Buone Condizioni Not For Loan SPICS-MEDIATECA SPICS-MEDIATECA 25/10/2013   25761 25/10/2013 25/10/2013 DISCHI Progr. Ins.: 5635 / N.Vol.: 4 / Copie: 1 - Copia rara: n.d. / date import: 01.01.2014 - By Epidotti, Trombetti, Vaglietti
CREDITS: SOCIETA' SAN PAOLO Via A.Severo, 58 - ROMA (RM) & PERIODICI SAN PAOLO SRL Via Giotto, 36 MILANO & CISF Via Giotto, 36 MILANO & EDIZIONI SAN PAOLO SRL,  Piazza Soncino, 5 CINISELLO BALSAMO (MI) -- ITALY